... Il momento prima di ricominciare /

Αποθηκεύτηκε σε:
Λεπτομέρειες βιβλιογραφικής εγγραφής
Κύριος συγγραφέας: Pierri, Alessia (Συγγραφέας)
Μορφή: Βιβλίο
Γλώσσα:Ιταλικά
Έκδοση: Milano : Il dito e la luna, 2007
Σειρά:Le coccinelle ; 2
Ετικέτες: Προσθήκη ετικέτας
Δεν υπάρχουν, Καταχωρήστε ετικέτα πρώτοι!

MARC

LEADER 00000nam a22000007i 4500
001 IT\ICCU\MIL\0731543
003 ItRI
005 20251029113654.0
008 071009s2007 it |||||| ||||| |||||c
020 |a 9788886633468 
040 |b ita  |c ct 
041 7 |a ita  |2 ISO-639-2 
100 1 |a Pierri, Alessia  |0 IT\ICCU\MILV\325012  |4 aut 
245 1 7 |a ... Il momento prima di ricominciare /  |c Alessia Pierri. 
260 |a Milano :  |b Il dito e la luna,  |c 2007 
300 |a 123 p. ;  |c 17 cm. 
830 3 |a Le coccinelle ;  |v 2  |0 IT\ICCU\UBO\3151673 
942 |2 ddc  |c BK 
952 |0 0  |1 0  |2 ddc  |4 0  |6 853_920000000000000_PIE_MOM  |7 0  |9 158  |a GE  |b GE  |d 2015-03-08  |l 0  |o 853.92 PIE MOM  |p 2351  |r 2023-11-10 13:19:00  |w 2023-11-10  |y BK 
999 |c 134  |d 134